| 000 | 00609cam a2200241ua 4500 | ||
|---|---|---|---|
| 020 | _cRs 3.00 | ||
| 041 |
_amal _h |
||
| 082 |
_a894.812 1 _bSAN/KI |
||
| 100 | _aSandheepani, . | ||
| 245 | 0 | 0 |
_aKirmeera vadham / _cSandeepani. _hTextual Documents |
| 250 |
_a1 / _b. |
||
| 260 |
_aKozhikode : _bTouring book stall , _c1972. |
||
| 300 | _a140 ; . | ||
| 365 | _aRs 3.00 | ||
| 440 | 0 |
_aPurana kavyamala series, _v _x; |
|
| 490 | 0 |
_aPurana kavyamala series, _v _x; |
|
| 504 | _a | ||
| 650 | _aAttakkadha | ||
| 942 | _cBK | ||
| 999 |
_c577 _d577 |
||